Woman to woman

Bibliographic Details
Main Author: Stoppard, Miriam
Format: Book
Published: London : Dorling Kindersley , 1988
Subjects:

MARC

LEADER 00000cam a2200000 7i4500
001 0000001769
002 000001926
005 20000330.0
020 |a 0863187285 
090 0 0 |a 613.04244   |b STO 
100 1 |a Stoppard, Miriam   |f Dr 
245 1 0 |a Woman to woman   |c Dr Miriam Stoppard 
260 |a London :   |b Dorling Kindersley ,   |c 1988 
300 |a 384p. :   |b Illust. ;   |c 28 cm. 
650 0 0 |a Woman   |x Health and hygiene#   |a Woman   |x Disease#   |a Women   |x Medical examinations 
999 |a 033780   |b BUKU   |c PINJAMAN   |e PERPUSTAKAAN KOMUNITI PETALING JAYA 
999 |a 033781   |b BUKU   |c PINJAMAN   |e PERPUSTAKAAN KOMUNITI PETALING JAYA